| Поле | Название | Значение |
| |
Тип записи |
c |
| |
Библиографический уровень |
m |
| 001 |
Контрольный номер |
RU/УОНБ/EK_N/607016138 |
| 005 |
Дата корректировки |
20250707162436.9 |
| 010 |
Индекс ISBN |
__ |
| 9 |
Тираж |
500 экз. |
| 013 |
Номер (ISMN) |
__ |
| d |
Цена |
100 р. |
| 100 |
Данные общей обработки |
__ |
| a |
Данные общей обработки |
20190327d2012 u y0rusy0189||||ca |
| 101 |
Язык документа |
0_ |
| a |
Язык текста |
rus |
| a |
Язык текста |
fiu |
| f |
Язык титульного листа |
rus |
| 102 |
Страна публикации |
__ |
| a |
Страна публикации |
RU |
| 105 |
Кодированные данные (монография) |
__ |
| a |
Кодированные данные (монография) |
y###||||000|y |
| 125 |
Кодированные данные звукозаписи и нотных изданий |
__ |
| a |
Форма изложения нотного текста |
с| |
| 128 |
Кодированные данные (звукозаписи-физические характеристики) |
__ |
| a |
Кодированные данные: Музыкальная форма и тональность или лад |
ccn |
| c |
Инструменты или голоса, рекомендуемые для солистов (устаревшее) |
vu|| |
| 200 |
Заглавие и сведения об ответственности |
1_ |
| a |
Заглавие |
Баяраваня |
| e |
Сведения, относящиеся к заглавию |
[для голоса в сопровожд. баяна] |
| f |
Первые сведения об ответственности |
А. Н. Куликова |
| 203 |
Вид содержания и тип средства |
__ |
| a |
Вид содержания |
Музыка |
| b |
Характеристика содержания |
знаковая |
| c |
Тип средства |
непосредственная |
| 205 |
Сведения об издании |
__ |
| a |
Основные сведения об издании |
2-е изд., перераб. и доп. |
| 210 |
Выходные данные |
1_ |
| a |
Место издания |
Саранск |
| d |
Дата издания |
2012 |
| 215 |
Физическое описание |
__ |
| a |
Объем |
48 с. |
| c |
Иллюстрации/тип воспроизводства |
портр. |
| d |
Формат |
29 см |
| 300 |
Общие примечания |
__ |
| a |
Общие примечания |
Текст рус., морд, яз. |
| 300 |
Общие примечания |
__ |
| a |
Общие примечания |
[С краткой биогр. справкой] |
| 327 |
Примечание о содержании |
11 |
| a |
Примечание о содержании |
Содерж. : Баяраваня ; Эрька баба / стихи В. Родькина. - К маме ; Сыны Отчизны ; Мой город ; Пусть грусть исчезнет ; С любимой Россией ; Ты поверь ; Родной простор / сл. А. Куликовой. - Спой, соловушка / стихи Лунина. - Тята яка, цёра, мельган / сл. П. Алёшиной. - Тревожный мир / сл. В. Константинова. - Губорняса марлюня ; Акша мациень стаданя ; Свадебная обрядовая ; Петянь Аннушкась / обраб. В. Чиркова. |
| 464 |
Аналитический уровень |
_0 |
| 1 |
|
2001 |
| a |
|
Баяраваня |
| e |
|
Щаят-наряжат лангонь каямса... |
| 1 |
|
702 1 |
| a |
|
Родькин |
| b |
|
В. |
| 4 |
|
520 |
| 464 |
Аналитический уровень |
_0 |
| 1 |
|
2001 |
| a |
|
К маме |
| e |
|
Если плохо тебе... |
| 1 |
|
702 1 |
| a |
|
Куликова |
| b |
|
А. |
| 4 |
|
520 |
| 464 |
Аналитический уровень |
_0 |
| 1 |
|
2001 |
| a |
|
Спой, соловушка |
| e |
|
Спой, соловушка песню сердечную... |
| 1 |
|
702 1 |
| a |
|
Лунин |
| 4 |
|
520 |
| 464 |
Аналитический уровень |
_0 |
| 1 |
|
2001 |
| a |
|
Тята яка, цёра, мельган |
| e |
|
Тята яка мельган цера... |
| 1 |
|
702 1 |
| a |
|
Алёшина |
| b |
|
П. |
| 4 |
|
520 |
| 464 |
Аналитический уровень |
_0 |
| 1 |
|
2001 |
| a |
|
Тревожный мир |
| e |
|
Мы возможные жертвы... |
| 1 |
|
702 1 |
| a |
|
Константинов |
| b |
|
В. |
| 4 |
|
520 |
| 464 |
Аналитический уровень |
_0 |
| 1 |
|
2001 |
| a |
|
Губорняса марлюня |
| e |
|
Нявкста неян мезь неян... |
| 1 |
|
702 1 |
| a |
|
Чирков |
| b |
|
В. |
| 4 |
|
030 |
| 464 |
Аналитический уровень |
_0 |
| 1 |
|
2001 |
| a |
|
Эрька баба |
| e |
|
Эрька, баба... |
| 1 |
|
702 1 |
| a |
|
Родькин |
| b |
|
В. |
| 4 |
|
520 |
| 464 |
Аналитический уровень |
_0 |
| 1 |
|
2001 |
| a |
|
Сыны Отчизны |
| e |
|
Зелёный лес и золотое поле... |
| 1 |
|
702 1 |
| a |
|
Куликова |
| b |
|
А. |
| 4 |
|
520 |
| 464 |
Аналитический уровень |
_0 |
| 1 |
|
2001 |
| a |
|
Мой город |
| e |
|
Места родные - отчий дом... |
| 1 |
|
702 1 |
| a |
|
Куликова |
| b |
|
А. |
| 4 |
|
520 |
| 464 |
Аналитический уровень |
_0 |
| 1 |
|
2001 |
| a |
|
Пусть грусть исчезнет |
| e |
|
Дымятся сумерки густые... |
| 1 |
|
702 1 |
| a |
|
Куликова |
| b |
|
А. |
| 4 |
|
520 |
| 464 |
Аналитический уровень |
_0 |
| 1 |
|
2001 |
| a |
|
С любимой Россией |
| e |
|
Обласкана Мокшей и речкой Сурой... |
| 1 |
|
702 1 |
| a |
|
Куликова |
| b |
|
А. |
| 4 |
|
520 |
| 464 |
Аналитический уровень |
_0 |
| 1 |
|
2001 |
| a |
|
Ты поверь |
| e |
|
Расцвела у калитки красиво калина... |
| 1 |
|
702 1 |
| a |
|
Куликова |
| b |
|
А. |
| 4 |
|
520 |
| 464 |
Аналитический уровень |
_0 |
| 1 |
|
2001 |
| a |
|
Родной простор |
| e |
|
Дышит хлебом родной простор... |
| 1 |
|
702 1 |
| a |
|
Куликова |
| b |
|
А. |
| 4 |
|
520 |
| 464 |
Аналитический уровень |
_0 |
| 1 |
|
2001 |
| a |
|
Акша мациень стаданя |
| e |
|
Вата панихть... |
| 1 |
|
702 1 |
| a |
|
Чирков |
| b |
|
В. |
| 4 |
|
030 |
| 464 |
Аналитический уровень |
_0 |
| 1 |
|
2001 |
| a |
|
Свадебная обрядовая |
| e |
|
Вай, мокшень церась... |
| 1 |
|
702 1 |
| a |
|
Чирков |
| b |
|
В. |
| 4 |
|
030 |
| 464 |
Аналитический уровень |
_0 |
| 1 |
|
2001 |
| a |
|
Петянь Аннушкась |
| e |
|
Петянь Аннушкась... |
| 1 |
|
702 1 |
| a |
|
Чирков |
| b |
|
В. |
| 4 |
|
030 |
| 512 |
Заглавие обложки |
1_ |
| a |
Заглавие обложки |
Баяраваня |
| 600 |
Персоналии |
_1 |
| a |
Персоналии (Фамилия) |
Куликова, Александра Николаевна |
| 606 |
Тематические рубрики |
0_ |
| a |
Основная рубрика |
Песни мордовских композиторов |
| 610 |
Ключевые слова |
0_ |
| a |
Ключевые слова |
песни мордовских композиторов |
| 610 |
Ключевые слова |
0_ |
| a |
Ключевые слова |
Куликова А. Н. |
| 686 |
Индексы других классификаций |
__ |
| a |
Классификационный индекс |
85.943.4-46я43 |
| 2 |
Код системы |
rubbk |
| 700 |
Автор |
_1 |
| a |
Фамилия |
Куликова |
| b |
Имя (инициалы) |
А. Н. |
| g |
Полное личное имя |
Александра Николаевна |
| 801 |
Источник записи |
_0 |
| a |
Страна |
RU |
| b |
Организация |
Ульяновская ОНБ |
| c |
Дата составления |
20190327 |
| g |
Правила каталогизации |
RCR |
| 801 |
Источник записи |
_1 |
| a |
Страна |
RU |
| b |
Организация |
Ульяновская ОНБ |
| c |
Дата составления |
20190327 |
| g |
Правила каталогизации |
RCR |
| 900 |
Электронные ресурсы |
__ |
| a |
Имя электронного ресурса |
2323Ц0021 |
| 900 |
Электронные ресурсы |
__ |
| a |
Имя электронного ресурса |
2323Ц0022 |
| 901 |
Тип документа |
__ |
| t |
Тип документа |
m |
| 909 |
Создатель записи |
__ |
| a |
Создатель записи |
Лобина Л. И. |
| 938 |
Служебная информация |
__ |
| a |
Имя БД |
noti |
| b |
Имя библиотеки |
УОНБ |
| c |
Имя АИБС |
МАРК-SQL |
| d |
Номер DOC_ID в БД |
20309 |